| 000 | 01030nam a22003257a 4500 | ||
|---|---|---|---|
| 003 | CHAP | ||
| 005 | 20220817042916.0 | ||
| 008 | 971013s1976 r 00010 d | ||
| 010 | _a59584 | ||
| 011 | _a60556 | ||
| 035 | _a64718 | ||
| 040 | _cCHAP | ||
| 082 |
_a581.87 _bD83 |
||
| 100 | 0 | 0 |
_aDudits, D. _eed. _934385 |
| 245 |
_aCell genetics in higher plants _b: proceedings of and international training course... |
||
| 260 |
_aBudapest : _bAkadémiai Kiadó, _c1976 |
||
| 300 |
_a251 p. _b; gráfs. |
||
| 500 | _aFotocopia | ||
| 590 |
_aBATCH-UPD _b10 _c20130110 _lUCH01 _h0513 |
||
| 590 |
_aBATCH-UPD _b10 _c20130410 _lUCH01 _h0151 |
||
| 590 |
_aBATCH-UPD _b10 _c20130914 _lUCH01 _h0944 |
||
| 590 |
_aCONVERSION _b10 _c20130109 _lUCH01 _h1332 |
||
| 650 | 1 | 4 |
_aCitología e histología vegetales. _923495 |
| 650 | 1 | 4 | _aGenética vegetal. |
| 700 | 0 |
_aFarkas, G. L. _eed. _939756 |
|
| 700 | 0 |
_aMaliga, P. _eed. _970154 |
|
| 901 | _aBK | ||
| 942 | _cLIBRO | ||
| 949 |
_a581.87 D83 _bBC _cLIBRO _d33724000455515 _eLIBRO _h71485 _i64718 _si |
||
| 999 |
_c59584 _d59584 |
||